| 000 | 00652nam a22001937a 4500 | ||
|---|---|---|---|
| 005 | 20180627161155.0 | ||
| 010 | _aENG-123220 | ||
| 020 |
_a9789380036809 _c250.00 |
||
| 035 | _aEN-106752 | ||
| 037 | _bDBAD/PUB | ||
| 082 | _a371.828297 | ||
| 100 | _a Anowar Hossain | ||
| 245 |
_aCalcutta Madrasah and modern education: _cby Anowar Hossain _brole of Nawab Abdul Latif in the historical perspective |
||
| 260 |
_aKolkata _bMitram _c2015 |
||
| 270 |
_a37A, College Street _bKolkata _e700073 |
||
| 300 |
_a312p. _c21cm(Hb) _bPictures |
||
| 500 | _aIt include bibliographical references and index | ||
| 942 |
_2ddc _cEN _mHOS _h371.828297 |
||
| 999 |
_c152690 _d152690 |
||